=LDR 00000nam 2200000 4500 =001 INLIS000000000008923 =005 20201008082754 =035 ##$$a 0010-061300000008923 =008 201008################g##########0#ind## =041 ##$$a Ind =082 ##$$a 307.2 =090 ##$$a 307.2, yud t =100 ##$$a Yudohusodo, Siswono =245 1#$$a Transismigrasi : $b Kebutuhan Negara kepulauan berpenduduk heterogen dengan persebaran yang timpang /$c Siswono Yodohusodo =260 ##$$a Jakarta :$b Jurnalindo Aksara Grafika,$c 1998 =300 ##$$a xxiv, 246 hlm. ; $c 23 x 15 cm. =650 #4$$a Transimigrasi =850 ##$$a NBPNMAT =020 ##$$a 979-619-012-5 =084 ##$$a 307.2 YUD t =250 ##$$a cet. 1 =990 ##$$a DW00028964 =990 ##$$a DW00028965 =990 ##$$a 173.279/pro-2002 =990 ##$$a DW00028967 =990 ##$$a 173.276/pro-2002